| 000 | 00446nab a2200145Ia 4500 | ||
|---|---|---|---|
| 003 | ES-SlBCS | ||
| 005 | 20210601133037.0 | ||
| 008 | 140529s2001 xxu||||| |||| 00| 0 ita d | ||
| 041 | _aita | ||
| 100 | 1 |
_aGispert-Sauch, George _959318 |
|
| 245 | 0 | 0 |
_aLa teologia indiana dopo il Vaticano II _c George Gispert-Sauch |
| 650 | 0 | 4 |
_aTeología Indiana _9201675 |
| 773 | 0 |
_tRassegna di Teologia _gvol. 42, nº. 1, 2001, págs. 5-36 _wRev335 |
|
| 942 | _cAR | ||
| 999 |
_c589800 _d589800 |
||